Napisz poprawnie Last Christmas - Statystyki

Ogólne statystyki
  • Ten quiz został rozwiązany 23 razy
  • Średni wynik to 6 z 8
Statystyki odpowiedzi
"Polski" Angielski % Poprawnych
Lazdkrysmas Last Christmas
100%
Bat de weri nekst dej But the very next day
86%
Dis je This year
86%
Tu som łom speszyl To someone special
77%
Aj geju maj hart I gave you my heart
73%
Ju gej id ełe You gave it away
68%
Tu sejf mi from tirz To save me from tears
64%
Aj giwit I'll give it
18%
Nie znaleziono quizów pasujących do podanych kryteriów
Rozkład punktacji
Procent ludzi z każdym wynikiem
Percentyl według liczby udzielonych odpowiedzi
Twoja historia wyników
Nie rozwiązałeś tego quizu